000 00705nam a22002537a 4500
003 CHAP
005 20220329134520.0
008 971013s1958 r 00010 d
010 _a21453
011 _a22425
035 _a26520
040 _cCHAP
082 _a634
_bC5
100 0 0 _aClarke, J. Harold.
_923655
245 _aSmall fruits for your home garden
260 _aGarden City, N.Y. :
_bDoubleday,
_c1958
300 _a372 p.
_b: ilus.
590 _aBATCH-UPD
_b10
_c20130110
_lUCH01
_h2003
590 _aCONVERSION
_b10
_c20130109
_lUCH01
_h1313
650 1 4 _aFruticultura.
_943684
901 _aBK
942 _cLIBRO
949 _a634 C5
_bBC
_cLIBRO
_d33724000219945
_eLIBRO
_h65131
_i26520
_mD
_si
999 _c21453
_d21453